Central Library OPAC University of Rajshahi

Japanese banking / (Record no. 9135)

MARC details
000 -LEADER
fixed length control field 01362nam a2200337Ka 4500
001 - CONTROL NUMBER
control field 9135
003 - CONTROL NUMBER IDENTIFIER
rucl marc code BD-RjUL
005 - DATE AND TIME OF LATEST TRANSACTION
control field 20211208234725.0
008 - FIXED-LENGTH DATA ELEMENTS--GENERAL INFORMATION
fixed length control field 140120s1931 dcuab o f000 0 eng d
035 ## - SYSTEM CONTROL NUMBER
System control number (BD-RjUL)9180
040 ## - CATALOGING SOURCE
Original cataloging agency OCLCE
Language of cataloging eng
Transcribing agency BD-RjUL
Modifying agency BD-RjUL
041 ## - LANGUAGE CODE
Language code of text/sound track or separate title eng
082 #4 - DEWEY DECIMAL CLASSIFICATION NUMBER
Classification number 382.061
Author mark and year BRJ 1931
100 1# - MAIN ENTRY--PERSONAL NAME
Personal name Bratter, Herbert M.
Fuller form of name (Herbert Max),
Dates associated with a name 1900-1976.
9 (RLIN) 28349
245 10 - TITLE STATEMENT
Title Japanese banking /
Statement of responsibility, etc. by Herbert M. Bratter.
260 ## - PUBLICATION, DISTRIBUTION, ETC. (IMPRINT)
Place of publication, distribution, etc. Washington :
Name of publisher, distributor, etc. United States Government Printing Office,
Date of publication, distribution, etc. 1931.
300 ## - PHYSICAL DESCRIPTION
Pagination v, 295 p. :
Illustrations ill. ;
Size 25 cm.
490 1# - SERIES STATEMENT
Series statement Trade promotion series ;
Volume/sequential designation no. 116
500 ## - GENERAL NOTE
General note At head of title: U.S. Department of Commerce. R.P. Lamont, secretary. Bureau of Foreign and Domestic Commerce. William L. Cooper, director.
General note "Foreign banks in Japan": p. 266-272.
504 ## - BIBLIOGRAPHY, ETC. NOTE
Bibliography, etc "List of principal sources": p. 288-291.
506 ## - RESTRICTIONS ON ACCESS NOTE
Materials specified Use copy
Standardized terminology for access restriction Restrictions unspecified
Source of term star
Institution to which field applies MiAaHDL
650 #0 - SUBJECT ADDED ENTRY--TOPICAL TERM
Topical term or geographic name as entry element Banks and banking
Geographic subdivision Japan.
9 (RLIN) 8068
710 1# - ADDED ENTRY--CORPORATE NAME
Corporate name or jurisdiction name as entry element United States.
Subordinate unit Bureau of Foreign and Domestic Commerce.
9 (RLIN) 28351
776 1# - ADDITIONAL PHYSICAL FORM ENTRY
Qualifying information Original
Record control number (DLC) 31026850
-- (OCoLC)4520973
830 #0 - SERIES ADDED ENTRY--UNIFORM TITLE
Volume number/sequential designation no. 116.
830 #0 - SERIES ADDED ENTRY--UNIFORM TITLE
Uniform title Trade promotion series ;
856 40 - ELECTRONIC LOCATION AND ACCESS
Materials specified HathiTrust Digital Library
Uniform Resource Identifier <a href="http://catalog.hathitrust.org/api/volumes/oclc/4520973.html">http://catalog.hathitrust.org/api/volumes/oclc/4520973.html</a>
942 ## - ADDED ENTRY ELEMENTS (KOHA)
Source of classification or shelving scheme Dewey Decimal Classification
Koha item type Books
Holdings
Lost status Source of classification or shelving scheme Damaged status Not for loan Permanent Location Current Location Shelving location Date acquired Source of acquisition Cost, normal purchase price Total Checkouts Full call number Date last seen Copy number Koha item type
  Dewey Decimal Classification   Added to bundle Central Library, University of Rajshahi Central Library, University of Rajshahi Reading Room 06/02/1962 Dr. A. I. Qurishi 2.00   382.061 BRJ 1931 20/01/2014 C-1 Books